| 000 | 00378nam a2200145Ia 4500 | ||
|---|---|---|---|
| 008 | 230917s9999||||xx |||||||||||||| ||und|| | ||
| 040 |
_e29375 _aMAIN |
||
| 041 | _aEnglish | ||
| 082 | _a708.0074 T349T | ||
| 100 | _aMukhopadhyay, Amit, ed. | ||
| 245 | 0 | _a39th National Exhibition of Art 1996 | |
| 260 |
_aNew Delhi _bLalit Kala Akademi _c1996 |
||
| 300 | _a103 p. | ||
| 942 | _cBK | ||
| 999 |
_c97088 _d97088 |
||